| 000 | 00381 a2200169 4500 | ||
|---|---|---|---|
| 001 | 73478 | ||
| 020 | _a9780194584360 | ||
| 040 | _cAnchieta - Colégio São Paulo | ||
| 100 | _aOxenden, Clive | ||
| 240 | 1 | 0 |
_aNew English File _lpor |
| 245 | 1 | 0 | _aNew English File |
| 300 | _a79 | ||
| 362 | 0 | _a1997 | |
| 440 | 1 | _aOxford | |
| 650 | 4 | _aGramáticas de língua inglesa | |
| 942 | _cBK | ||
| 999 |
_c73478 _d73478 |
||